00429nam a2200157Ia 450000100060000000300040000600500170001000800410002704000130006808200210008110000280010224500810013026000420021130000110025354600070026425155OSt20150701102331.0140411s9999 xx 000 0 und d cPK-LaUMT a 891.4393bRAZ-M aRazia Butt(رضہ بٹ) aMujram kon? (afsanu ka majmooah)(مجرم کون؟)cRazia Butt(رضہ بٹ) bAdbi Duniya,(ادبی دنیا)c1985 a472 p. aEN